000 00551nam a2200181Ia 4500
003 GCL
008 140319s9999 xx 000 0 ara d
040 _aGCL /
_cGCL
082 0 4 _a219.1
_bع ث
100 1 _aعمرو عبدالمنعم سليم
245 1 0 _aثلاثون نهيا شرعيا للنساء /
_cعمرو عبدالمنعم سليم
260 _a[S.N] :
_bمؤسسة قرطبة ،
_c1993
300 _a68 ص
490 _a
650 0 4 _aالفقه الاسلامى
650 0 4 _aالمرأة فى الاسلام
942 _2ddc
_cBK
999 _c31011
_d31011